Význam dokumentácie interného audítora v oblasti odpisovania dlhodobého majetku diplomová práca

Salvato in:
Dettagli Bibliografici
Autore principale: Kurejová, Martina
Ente Autore: Fakulta hospodárskej informatiky EU. Katedra účtovníctva a audítorstva
Altri autori: Vépyová, Mária
Natura: Libro
Lingua:slovacco
Pubblicazione: Bratislava 2011
Tags: Aggiungi Tag
Nessun Tag, puoi essere il primo ad aggiungerne!!

MARC

LEADER 00000nbm a2200000 4500
001 0140615
005 20161109101938.1
041 0 |a slo 
044 |a SK 
245 1 0 |a Význam dokumentácie interného audítora v oblasti odpisovania dlhodobého majetku  |b diplomová práca  |c Martina Kurejová ; školiteľ: Mária Vépyová 
264 1 |a Bratislava  |c 2011 
300 |a 55 s. 
100 1 |a Kurejová, Martina 
700 1 |a Vépyová, Mária 
710 2 |a Fakulta hospodárskej informatiky EU. Katedra účtovníctva a audítorstva